Bandmitglieder - kreuz & quer - Statistiken

Allgemein
  • Dieses Quiz wurde 94 mal gespielt
  • Das Durchschnittsergebnis liegt bei 11 aus 15
Antwortstatistiken
Frage Antwort % Korrekt
Woher stammt die Band AC/DC? Australien
91%
Wie hieß der verstorbene Sänger der Band Nirvana? Cobain
91%
Wie heißt der Schlagzeuger der Band Genesis? Collins
91%
Paul, Ringo, John & George
91%
Wie hieß der Sänger der Band Queen mit Nachnamen? Mercury
91%
Wie heißt der Frontmann Lindemann von Rammstein mit Vornamen? Till
91%
Woher stammt die Band U2? Irland
82%
Wie heißt der Frontmann der Prinzen mit Nachnamen? Krumbiegel
82%
Wie hieß die Band von Robbie Williams? Take That
82%
Bill, Gustav, Georg & Tom
82%
Wie hieß der Sänger der Boyband Boyzone mit Vornamen? Ronan
73%
Kevin, Brian, AJ, Howie & Nick
64%
Metallica Gitarristen sind Hetfield, Burton, Trujillo, Mustaine, Newsted, McGovney & Hammett
55%
Farin, Bela & Rodrigo
45%
Die Bloodhound Gang mit ihren letzten Besetzung Jimmy Pop, DJ Q-Ball, The Yin, Daniel P. Carter & "Evil" Jared...? Hasselhoff
27%
Keine übereinstimmenden Quizze gefunden
Verteilung der Resultate
Anzahl Personen mit jedem Resultat
Perzentil nach korrekt beantworteten Fragen
Ihre Resultats-Entwicklung
Sie haben dieses Quiz noch nicht gespielt